000
00302nam a22001097a 4500
008
170112b xxu||||| |||| 00| 0 eng d
020
_a
9780721662787
041
_a
eng
080
_2
6TH
_a
618.2
245
_a
ENCYCLOPEDIA & DICTIONARY OF MEDICINE, NURSING & ALLIED HEALTH
_c
MILLER & KEANE
942
_2
udc
_c
BK
999
_c
2805
_d
2805